00611nam a2200241Ia 4500008004100000040001200041082001500053082001500068100001700083245003400100260003800134300001200172300000600184300001400190530001700204563001000221600001700231630003400248650002100282650001500303700001700318730003400335160321s9999||||xx |||||||||||||| ||und|| cEnglish aXIC/Kamath bBORI-51169 aM. V. Kamath aPhilosophy Of Death and Dying bHimalayan International Institute aXiV+335 cB ePaperback u00085606.pdf aStudy aM. V. Kamath aPhilosophy Of Death and Dying aGeneral Indology aPhilosophy aM. V. Kamath aPhilosophy Of Death and Dying